El Clásico - Top goalscorers - Statistics

General Stats
  • This quiz has been taken 1,293 times
  • The average score is 6 of 17
Answer Stats
Rank: Club: Nationality: No. of Goals: Answer % Correct
1 Barcelona Argentina 23 Lionel Messi
100%
3 Barcelona Portugal 15 Cristiano Ronaldo
88%
3 Real Madrid Spain 15 Raúl
81%
5 Real Madrid Hungary 14 Ferenc Puskás
74%
2 Real Madrid Argentina 18 Alfredo Di Stéfano
73%
9 Real Madrid Mexico 10 Hugo Sánchez
61%
13 Barcelona Spain 8 Luis Suárez
43%
5 Real Madrid Spain 14 Francisco Gento
24%
13 Real Madrid Chile 8 Iván Zamorano
17%
5 Real Madrid Spain 14 César Rodríguez
9%
8 Real Madrid Spain 12 Santillana
9%
9 Real Madrid Spain 10 Juanito
4%
13 Real Madrid Spain 8 Santiago Bernabéu
4%
13 Barcelona Paraguay 8 Eulogio Martínez
2%
12 Barcelona Spain 9 Estanislao Basora
1%
13 Real Madrid Spain 8 Jaime Lazcano
1%
9 Real/Barça Spain 10 Josep Samitier
1%
No matching quizzes found
Score Distribution
Percent of People with Each Score
Percentile by Number Answered
Your Score History
You have not taken this quiz